|
|
|
|
| LEADER |
00000nam a2200000 a 4500 |
| 001 |
vtls001183348 |
| 003 |
SK-MaSNL |
| 005 |
20260301112328.0 |
| 008 |
251124s1995 RU c y 0 rus |
| 020 |
|
|
|a 5719609644
|c [160,00]
|
| 035 |
|
|
|a SNK000126400
|
| 040 |
|
|
|a SNK
|b slo
|c SNK
|e AACR2
|
| 044 |
|
|
|a RU
|
| 080 |
|
|
|a 929(47)(03)=82
|2 1981
|
| 080 |
|
|
|a 03:929(47)=82
|2 1981
|
| 245 |
1 |
|
|a Sotrudniki Rossijskoj nacionaľnoj biblioteki - dejateli nauki i kuľtury
|b biografičeskij slovar'
|n t. 1.
|p Imperatorskaja Publičnaja biblioteka 1795-1917
|
| 260 |
|
|
|a Sankt-Peterburg
|b Izdatel'stvo Rossijskoj nacional'noj biblioteki
|c 1995
|
| 300 |
|
|
|a 687 s.
|c 21 cm
|
| 650 |
0 |
7 |
|a osobnosti významné ruské
|y r. 1795-1917
|x slovníky životopisné
|2 SNK
|9 452910
|
| 650 |
0 |
7 |
|a slovníky životopisné ruské
|2 SNK
|9 452911
|
| 919 |
|
|
|a 5-7196-0964-4
|
| 999 |
|
|
|c 710100
|d 712030
|
| 952 |
|
|
|t P60, <04>, [BOOK], {604}
|a SNK
|b SNK
|y VYP
|7 0
|p 17A0002116
|o snkIC 125716/1
|i snkV 562/96
|0 0
|1 0
|4 0
|d 1996-04-02
|l 0
|r 2005-01-01 00:00:00
|w 2026-02-23
|